[Event "HUN-chT2 Szechenyi 1617"]
[Site "Hungary"]
[Date "2016.12.11"]
[Round "6.7"]
[White "Somogyi, Bela"]
[Black "Simai, Laszlo"]
[Result "1/2-1/2"]
[WhiteElo "1846"]
[BlackElo "1803"]
[PlyCount "52"]
[EventDate "2016.09.25"]
[EventType "team-tourn"]
[EventRounds "11"]
[EventCountry "HUN"]
[SourceTitle "EXT 2021"]
[Source "ChessBase"]
[SourceDate "2020.10.23"]
[SourceVersion "1"]
[SourceVersionDate "2020.10.23"]
[SourceQuality "1"]
[WhiteTeam "Ajka ASSE"]
[BlackTeam "Veszprem Ezust Huszar"]
[WhiteTeamCountry "HUN"]
[BlackTeamCountry "HUN"]

1. e4 e5 2. Nf3 Nc6 3. Bb5 a6 4. Ba4 Nf6 5. 0-0 Be7 6. Re1 b5 7. Bb3 0-0 8. a4 b4 9. c3 d6 10. h3 h6 11. d4 a5 12. Nbd2 Ba6 13. Nc4 exd4 14. cxd4 Bxc4 15. Bxc4 Rb8 16. Qb3 Nd7 17. Bf4 Nb6 18. Bf1 Rb7 19. Rac1 Nb8 20. Nd2 Bg5 21. Bxg5 Qxg5 22. Nc4 Nxc4 23. Bxc4 c6 24. Rc2 Kh8 25. Rce2 Re7 26. Re3 f5 1/2-1/2

[Event "HUN-chT2 Szechenyi 1617"]
[Site "Hungary"]
[Date "2016.09.25"]
[Round "1.8"]
[White "Simai, Laszlo"]
[Black "Kurcsics, Erika"]
[Result "1/2-1/2"]
[WhiteElo "1803"]
[BlackElo "1841"]
[PlyCount "85"]
[EventDate "2016.09.25"]
[EventType "team-tourn"]
[EventRounds "11"]
[EventCountry "HUN"]
[SourceTitle "EXT 2021"]
[Source "ChessBase"]
[SourceDate "2020.10.23"]
[SourceVersion "1"]
[SourceVersionDate "2020.10.23"]
[SourceQuality "1"]
[WhiteTeam "Veszprem Ezust Huszar"]
[BlackTeam "Lovo"]
[WhiteTeamCountry "HUN"]
[BlackTeamCountry "HUN"]

1. e4 c5 2. Nf3 g6 3. d4 cxd4 4. Nxd4 Bg7 5. Nc3 Nc6 6. Be3 Nf6 7. Qd2 0-0 8. Be2 a6 9. a4 d6 10. 0-0 Bd7 11. f4 Rc8 12. f5 Ne5 13. Bh6 Nc4 14. Bxc4 Rxc4 15. Bxg7 Kxg7 16. b3 Rc5 17. Rf3 Qb6 18. Kh1 Rfc8 19. Rh3 h5 20. Re1 Qa5 21. Nb1 Qxd2 22. Nxd2 Ng4 23. Rf3 Ne5 24. Rf2 Rc3 25. fxg6 fxg6 26. Ref1 Re8 27. h3 Nc6 28. Rf3 Rxf3 29. N4xf3 Rf8 30. Kg1 Nb4 31. c3 Nd3 32. a5 Rc8 33. c4 Nb4 34. e5 dxe5 35. Nxe5 Bf5 36. g4 hxg4 37. hxg4 Be6 38. Ne4 Nc6 39. Nc5 Nxe5 40. Nxe6+ Kg8 41. g5 Nf7 42. c5 Rc6 43. Re1 1/2-1/2

[Event "HUN-chT2 Szechenyi 1516"]
[Site "Hungary"]
[Date "2016.03.20"]
[Round "9.8"]
[White "Simai, Laszlo"]
[Black "Olah, Jozsef"]
[Result "1/2-1/2"]
[WhiteElo "1793"]
[BlackElo "1942"]
[PlyCount "35"]
[EventDate "2015.09.13"]
[EventType "team-tourn"]
[EventRounds "11"]
[EventCountry "HUN"]
[SourceTitle "EXT 2017"]
[Source "ChessBase"]
[SourceDate "2016.10.25"]
[SourceVersion "1"]
[SourceVersionDate "2016.10.25"]
[SourceQuality "1"]
[WhiteTeam "Ezust Huszar"]
[BlackTeam "HVSE Infraplan"]
[WhiteTeamCountry "HUN"]
[BlackTeamCountry "HUN"]

1. e4 c5 2. Nf3 a6 3. c4 d6 4. Nc3 Nc6 5. d4 cxd4 6. Nxd4 Qb6 7. Nxc6 Qxc6 8. Bd3 g6 9. 0-0 Bg7 10. Qc2 Be6 11. Nd5 Rc8 12. Be3 b5 13. Rac1 bxc4 14. Bxc4 Nf6 15. Qd3 Bxd5 16. Bxd5 Qd7 17. Qxa6 0-0 18. Qb7 1/2-1/2

[Event "HUN-chT2 Szechenyi 1415"]
[Site "Hungary"]
[Date "2014.11.30"]
[Round "5.9"]
[White "Sagi, Kornel"]
[Black "Simai, Laszlo"]
[Result "0-1"]
[WhiteElo "1523"]
[BlackElo "1880"]
[PlyCount "62"]
[EventDate "2014.09.07"]
[EventType "team-tourn"]
[EventRounds "11"]
[EventCountry "HUN"]
[SourceTitle "EXT 2016"]
[Source "ChessBase"]
[SourceDate "2015.10.08"]
[SourceVersion "1"]
[SourceVersionDate "2015.10.08"]
[SourceQuality "1"]
[WhiteTeam "Csuti"]
[BlackTeam "Veszprem"]
[WhiteTeamCountry "HUN"]
[BlackTeamCountry "HUN"]

1. e4 e5 2. Nf3 Nc6 3. Bc4 Nf6 4. Ng5 d5 5. exd5 Na5 6. Bb5+ c6 7. dxc6 bxc6 8. Qf3 Rb8 9. Bxc6+ Nxc6 10. Qxc6+ Nd7 11. d3 Be7 12. Nf3 Rb6 13. Qa4 0-0 14. 0-0 Bb7 15. Nbd2 Rb4 16. Qxa7 Bc5 17. Qa3 Rd4 18. Qb3 Rb4 19. Qc3 Rg4 20. h3 Bb4 21. Qb3 Nc5 22. hxg4 Nxb3 23. axb3 f5 24. Ra4 Bd6 25. Re1 Bc6 26. Ra6 Qc8 27. Ra1 fxg4 28. Nxe5 Qf5 29. Re2 Bxe5 30. Ra5 Bh2+ 31. Kxh2 Qxa5 0-1

[Event "HUN-chT2 Szechenyi 1415"]
[Site "Hungary"]
[Date "2014.09.21"]
[Round "2.6"]
[White "Odor, Istvan"]
[Black "Simai, Laszlo"]
[Result "1-0"]
[WhiteElo "2123"]
[BlackElo "1880"]
[PlyCount "139"]
[EventDate "2014.09.07"]
[EventType "team-tourn"]
[EventRounds "11"]
[EventCountry "HUN"]
[SourceTitle "EXT 2016"]
[Source "ChessBase"]
[SourceDate "2015.10.08"]
[SourceVersion "1"]
[SourceVersionDate "2015.10.08"]
[SourceQuality "1"]
[WhiteTeam "Sarvar"]
[BlackTeam "Veszprem"]
[WhiteTeamCountry "HUN"]
[BlackTeamCountry "HUN"]

1. e4 e5 2. Nf3 Nc6 3. Bc4 Nf6 4. d3 h6 5. c3 Be7 6. 0-0 0-0 7. Re1 d6 8. h3 Na5 9. Bb5 Bd7 10. Bxd7 Qxd7 11. Nbd2 c5 12. Nf1 Nc6 13. Ng3 Nh7 14. Nf5 Bf6 15. Nh2 Ne7 16. Nxe7+ Bxe7 17. Qh5 f5 18. Rd1 Qe8 19. Qxe8 Raxe8 20. f3 f4 21. d4 cxd4 22. cxd4 Rd8 23. Ng4 h5 24. Nf2 g5 25. Rb1 Nf6 26. b3 Kf7 27. Bb2 Ke6 28. Rd2 b6 29. Rc1 Rc8 30. Rdc2 Rxc2 31. Rxc2 exd4 32. Rc7 a6 33. Bxd4 Rb8 34. Nd3 Nd7 35. Nb4 Bd8 36. Rc6 a5 37. Nd3 Bf6 38. Bxf6 Nxf6 39. h4 Kd7 40. Rc2 gxh4 41. Nxf4 Rg8 42. Kh2 Rg3 43. a4 b5 44. axb5 Rg5 45. b6 Rb5 46. Rc7+ Ke8 47. b7 Nd7 48. Nd5 Rxb3 49. Nf6+ Nxf6 50. Rc8+ Kd7 51. b8Q Rxb8 52. Rxb8 Kc6 53. Kh3 Kc5 54. Kxh4 a4 55. Kg5 Nd7 56. Rb1 Kc4 57. Kxh5 Nc5 58. g4 Nb3 59. g5 Kc3 60. g6 a3 61. g7 a2 62. Rxb3+ Kxb3 63. g8Q+ Kb2 64. Qg7+ Kb1 65. f4 a1Q 66. Qxa1+ Kxa1 67. f5 Kb2 68. f6 Kc3 69. f7 Kd4 70. f8Q 1-0

[Event "HUN-chT2 Szechenyi 1314"]
[Site "Hungary"]
[Date "2014.03.23"]
[Round "9.6"]
[White "Deak, Laszlo"]
[Black "Simai, Laszlo"]
[Result "1/2-1/2"]
[WhiteElo "1922"]
[BlackElo "1905"]
[PlyCount "22"]
[EventDate "2013.09.08"]
[EventType "team-tourn"]
[EventRounds "11"]
[EventCountry "HUN"]
[SourceTitle "EXT 2016"]
[Source "ChessBase"]
[SourceDate "2015.10.08"]
[SourceVersion "1"]
[SourceVersionDate "2015.10.08"]
[SourceQuality "1"]
[WhiteTeam "Zala Volan"]
[BlackTeam "Veszprem"]
[WhiteTeamCountry "HUN"]
[BlackTeamCountry "HUN"]

1. e4 e5 2. d4 exd4 3. Nf3 Nc6 4. Bc4 Nf6 5. 0-0 Bc5 6. c3 d5 7. exd5 Nxd5 8. Qb3 Be6 9. Qxb7 Nde7 10. Bxe6 fxe6 11. cxd4 Rb8 1/2-1/2

[Event "HUN-chT2 Szechenyi 1011"]
[Site "Hungary"]
[Date "2010.10.24"]
[Round "4.9"]
[White "Simai, Laszlo"]
[Black "Toth, Csaba"]
[Result "1/2-1/2"]
[WhiteElo "1984"]
[BlackElo "2038"]
[PlyCount "61"]
[EventDate "2010.09.12"]
[EventType "team-tourn"]
[EventRounds "11"]
[EventCountry "HUN"]
[SourceTitle "EXT 2012"]
[Source "ChessBase"]
[SourceDate "2011.11.24"]
[SourceVersion "1"]
[SourceVersionDate "2011.11.24"]
[SourceQuality "1"]
[WhiteTeam "Veszprem"]
[BlackTeam "Sarvar"]
[WhiteTeamCountry "HUN"]
[BlackTeamCountry "HUN"]

1. e4 c5 2. Nf3 d6 3. d4 cxd4 4. Nxd4 Nf6 5. Nc3 Nc6 6. Be2 g6 7. Be3 Bg7 8. f4 0-0 9. 0-0 Bd7 10. Bf3 Nxd4 11. Bxd4 Bc6 12. g4 Ne8 13. Bxg7 Nxg7 14. Qd4 Ne6 15. Qe3 Ng7 16. f5 e6 17. Be2 exf5 18. gxf5 gxf5 19. exf5 Qf6 20. Ne4 Bxe4 21. Qxe4 Rae8 22. Qg4 Kh8 23. Kh1 Re3 24. Bd3 Rfe8 25. b3 d5 26. h4 d4 27. Kh2 Qe5+ 28. Qf4 Qf6 29. Qg5 Qe5+ 30. Qf4 f6 31. Qxe5 1/2-1/2

[Event "HUN-chT2 Szechenyi 0809"]
[Site "Hungary"]
[Date "2009.04.05"]
[Round "10.8"]
[White "Kiraly, Ferenc"]
[Black "Simai, Laszlo"]
[Result "0-1"]
[WhiteElo "2000"]
[BlackElo "1716"]
[PlyCount "76"]
[EventDate "2008.10.26"]
[EventType "team-tourn"]
[EventRounds "11"]
[EventCountry "HUN"]
[SourceTitle "EXT 2010"]
[Source "ChessBase"]
[SourceDate "2010.11.25"]
[SourceVersion "1"]
[SourceVersionDate "2010.11.25"]
[SourceQuality "1"]
[WhiteTeam "Alsoszolnok"]
[BlackTeam "Veszprem"]
[WhiteTeamCountry "HUN"]
[BlackTeamCountry "HUN"]

1. e4 e5 2. Nf3 Nc6 3. Bc4 Nf6 4. Ng5 d5 5. exd5 Na5 6. Bb5+ c6 7. dxc6 bxc6 8. Ba4 h6 9. Nf3 e4 10. Ng1 Qd4 11. c3 Qb6 12. b4 Nc4 13. Ne2 Ne5 14. 0-0 Bg4 15. h3 Bh5 16. g4 Nf3+ 17. Kg2 Bg6 18. Ng3 h5 19. gxh5 Nxh5 20. d3 0-0-0 21. d4 Qc7 22. Qe2 Nh4+ 23. Kh2 Bd6 24. Qa6+ Kb8 25. Bxc6 Bxg3+ 26. Kh1 Bd6 27. Na3 Nf3 28. Nc4 Ng3+ 29. Kg2 Nh4+ 30. Kg1 Ne2+ 31. Kh1 Nf3 32. Qb5+ Qb6 33. Kg2 Qxb5 34. Bxb5 Rxh3 35. Rh1 Rxh1 36. Kxh1 Rh8+ 37. Kg2 Rh2+ 38. Kf1 Rh1+ 0-1

[Event "HUN-chT2 Szechenyi 0809"]
[Site "Hungary"]
[Date "2009.01.25"]
[Round "6.9"]
[White "Bodo, Bence"]
[Black "Simai, Laszlo"]
[Result "0-1"]
[WhiteElo "1908"]
[BlackElo "1716"]
[PlyCount "70"]
[EventDate "2008.10.26"]
[EventType "team-tourn"]
[EventRounds "11"]
[EventCountry "HUN"]
[SourceTitle "EXT 2010"]
[Source "ChessBase"]
[SourceDate "2010.11.25"]
[SourceVersion "1"]
[SourceVersionDate "2010.11.25"]
[SourceQuality "1"]
[WhiteTeam "Tapolca II"]
[BlackTeam "Veszprem"]
[WhiteTeamCountry "HUN"]
[BlackTeamCountry "HUN"]

1. e4 d5 2. exd5 Nf6 3. Bb5+ Nbd7 4. c4 a6 5. Bxd7+ Qxd7 6. Nf3 Qg4 7. d4 Qxg2 8. Rg1 Qh3 9. Rg3 Qf5 10. Nc3 h6 11. Ne5 Bd7 12. Qb3 0-0-0 13. Be3 Be8 14. c5 Kb8 15. Nc6+ Bxc6 16. dxc6 Qc8 17. 0-0-0 e6 18. Rd3 Bxc5 19. Rxg7 Bb6 20. Na4 Nd5 21. Nxb6 cxb6 22. Rxf7 Qxc6+ 23. Kb1 Rc8 24. Qd1 Nb4 25. Rd2 Qe4+ 26. Ka1 Nc2+ 27. Rxc2 Rxc2 28. Rf4 Qc6 29. a3 Rc8 30. Rf7 Qd5 31. Rf3 e5 32. Bxh6 exd4 33. h4 Ka7 34. Rd3 Qb5 35. b4 Qc4 0-1

[Event "HUN-chT2 Szechenyi 0708"]
[Site "Hungary"]
[Date "2008.05.18"]
[Round "11"]
[White "Simai, Laszlo"]
[Black "Foki, Robert"]
[Result "1-0"]
[WhiteElo "2024"]
[BlackElo "1903"]
[PlyCount "81"]
[EventDate "2007.10.14"]
[EventType "team"]
[EventRounds "11"]
[EventCountry "HUN"]
[SourceTitle "EXT 2009"]
[Source "ChessBase"]
[SourceDate "2008.11.26"]
[SourceVersion "1"]
[SourceVersionDate "2008.11.26"]
[SourceQuality "1"]
[WhiteTeam "Veszprem"]
[BlackTeam "Arboretum"]
[WhiteTeamCountry "HUN"]
[BlackTeamCountry "HUN"]

1. e4 c5 2. Nf3 Nc6 3. d4 cxd4 4. Nxd4 d6 5. Be2 Nf6 6. Nc3 Bd7 7. f4 Rc8 8. Be3 a6 9. g4 Qa5 10. Nb3 Qd8 11. g5 Ng8 12. Nd5 Be6 13. Bb6 Qd7 14. c3 f5 15. Bh5+ Bf7 16. exf5 Qxf5 17. Nc7+ Rxc7 18. Bxf7+ Qxf7 19. Bxc7 Qxf4 20. Qe2 Qh4+ 21. Kd1 Qxg5 22. Re1 Nf6 23. Bxd6 Qd5+ 24. Qd2 Qxd2+ 25. Kxd2 Kd7 26. Bg3 b6 27. Rad1 h5 28. Kc2+ Kc8 29. Nd4 Nd8 30. Ne6 Nxe6 31. Rxe6 Nd7 32. Rc6+ Kd8 33. Rc7 h4 34. Rdxd7+ Ke8 35. Bf4 Rh5 36. Rd4 e5 37. Re4 Bd6 38. Rxg7 Rf5 39. Be3 b5 40. Rxh4 Kf8 41. Rd7 1-0